000
00347nam a2200133Ia 4500
008
151001s9999||||xx |||||||||||||| ||und||
100
_a
नरेंद्र जाधव
245
_a
रवींद्रनाथ टागोर
250
_a
1
260
_b
ग्रंथाली
260
_c
2012
300
_a
310
365
_b
24
999
_c
1000462
_d
1000459